Logo BPK

Biblioteka

Politechniki Koszalińskiej

Literarische Studien und Charakteristiken : (Rekord nr 50272)

Szczegóły MARC
000 -ETYKIETA REKORDU
podpole kontrolne o stałej długości 00523nam a2200181 i 4500
001 - NUMER KONTROLNY REKORDU
pole kontrolne bgj
040 ## - ŹRÓDŁO KATALOGOWANIA
Instytucja, która utworzyła rekord BPK
041 0# - KOD JĘZYKA
Kod języka tekstu ger
044 ## - KOD KRAJU WYDAWCY/PRODUCENTA
Kod kraju wydawcy/producenta DEU
080 ## - UNIWERSALNA KLASYFIKACJA DZIESIĘTNA - UKD
UKD 82
008 - POLE O STAŁEJ DŁUGOŚCI - DANE KONTROLNE
podpole kontrolne o stałej długości s gw f |000 0 ger
100 1# - NAZWA OSOBOWA
Nazwa osobowa KREYSSIG, Friedrich.
245 10 - TYTUŁ/ODPOWIEDZIALNOŚĆ
Tytuł Literarische Studien und Charakteristiken :
Ciąg dalszy tytułu nachgelassenes Werk /
Pozostałe elementy strefy tytułu i oznaczenia odpowiedzialności Friedrich Kreyssig ; mit einer Einleitung von Julius Rodenberg.
260 ## - STREFA ADRESU WYDAWNICZEGO
Miejsce wydania Berlin :
Nazwa wydawcy/dystrybutora A. Hoffmann und Comp.,
Data publikacji, dystrybucji/powstania dokumentu 1882.
300 ## - STREFA OPISU FIZYCZNEGO
Objętość 320 s. ;
Rozmiary 20 cm.
650 9# - HASŁO PRZEDMIOTOWE W FORMIE NAZWY OGÓLNEJ LUB JEDNOSTKOWEJ
Nazwa ogólna lub geograficzna Literatura
856 ## - LOKALIZACJA I DOSTĘP DO ELEKTRONICZNYCH DOKUMENTÓW ZDALNYCH
Link (URL) http://koha.tu.koszalin.pl/cgi-bin/koha/opac-detail.pl?biblionumber=50272
Tekst linku Katalog online BPK
942 ## - DODATKOWE ELEMENTY (KOHA)
Typ dokumentu Książka
Egzemplarze
Wycofany Status egzemplarza Uszkodzony Ograniczenia udostępniania Dostępność Lokalizacja stała Lokalizacja bieżąca Miejsce przechowywania Sygnatura Kod kreskowy Typ dokumentu Uwaga przeznaczona na użytek publiczny
      Dostęp zastrzeżony Tylko na miejscu Biblioteka Politechniki Koszalińskiej Biblioteka Politechniki Koszalińskiej Zbiory Wewnętrzne N 158 02121055 Książka D5
© 2023 Biblioteka Politechniki Koszalińskiej :: KOHA